01145 2200349 4500001002100000005001500021035002000036007000300056008004100059020002200100040002200122082001500144084001700159100003300176245015700209250003200366300004800398650001700446700004200463700003200505700002500537850001200562504003300574264003400607336002100641337003000662338002300692990002000715990002000735990002000755990002000775INLIS00000000087276620220908101624 a0010-0922000294ta220908s2020 jbia g f 0 0 ind d a978-623-231-306-4 aYOPDYOGbinderda04223a796.33 a796.33 ABD s0 aAbdul Ganid1978-ePengarang10aSepak takraw double event :bmodel-model latihan dan teori sepak takraw double event /cAbdul Gani, Achmad Sofyan Hanif, Jufrianis; penyunting, Monalisa aCetakan pertama, Maret 2020 axi, 146 halaman :bilustrasi, foto ;c23 cm 4aSepak Takraw0 aAchmad Sofyan Hanifd1963-ePengarang0 aJufrianisd1993-ePengarang0 aMonalisaePenyunting aYOPDYOG aBibliografi: halaman 137-14031aDepok :bRajawali Pers,c2020 2rdacontentateks 2rdamediaatanpa perantara 2rdacarrieravolume a46212-PD/B.2022 a46213-PD/B.2022 a46213-PD/B.2022 a46212-PD/B.2022